000
00498nam a2200145Ia 4500
008
100122s9999 xx 000 0 und d
082
_b
6713
_a
823
100
_a
लोहोकरे पां गो
245
_a
ताजमहालाच्या खाली
260
_b
सदभिरुची प्रकाशन
_c
1949
300
_a
90
630
_a
ताजमहालाच्या खाली
730
_a
ताजमहालाच्या खाली
942
_c
BOOK
999
_c
399664
_d
399661